000 00312nam a2200121Ia 4500
008 190216s9999||||xx |||||||||||||| ||und||
100 _aJagi Vp & Mathur Ab
245 0 _aIit Entrance Examination Mathematics
260 _bSulthan Chand&Sons
_c1986
300 _a487p
650 _aMathematics
942 _cREF
999 _c35756
_d35756